Lettre par Lettre - Pays #2 - Statistiques

Statistiques générales
  • Ce quiz a été pris 515 fois
  • Le résultat moyen est 34 sur 38
Statistiques - réponses
Réponse % Correct
E
100%
N
97%
S
97%
T
97%
Es
95%
Est
94%
Esto
94%
Eston
94%
Estoni
94%
Estonie
94%
V
94%
Ni
92%
Ta
92%
Sa
91%
Nic
89%
Tan
89%
Ve
89%
Ven
89%
Nica
88%
Nicar
88%
Tanz
88%
Tanza
88%
Tanzan
88%
Nicara
87%
Nicarag
87%
Tanzani
87%
Tanzanie
87%
Vene
87%
Venez
87%
Venezu
87%
Nicaragu
86%
Nicaragua
86%
Venezue
86%
Venezuel
86%
Venezuela
85%
Sam
84%
Samo
83%
Samoa
82%
Aucun quiz correspondant
Distribution des résultats
% des personnes avec chaque résultat
Percentile par nombre de réponses
Votre historique - résultats
Vous n’avez pas pris ce quiz